IMF Staff papers

Gespeichert in:
Bibliographische Detailangaben
Format: Schriftenreihe
Sprache:Englisch
Veröffentlicht: Washington, D.C. International Monetary Fund 2009
Schlagworte:
Tags: Tag hinzufügen
Keine Tags, Fügen Sie das erste Tag hinzu!

MARC

LEADER 00000nas2a2200000 4500
001 0164695
005 20130124102805.2
022 |a 1020-7635 
041 0 |a eng 
044 |a US 
245 1 0 |a IMF Staff papers 
264 1 |a Washington, D.C.  |b International Monetary Fund  |c 2009 
773 0 |w eu_un_cat*0013669 
610 2 0 |a systém menový medzinárodný 
610 2 0 |a Medzinárodný menový fond